000 00922nam a2200301Ii 4500
001 824420025
003 OCoLC
005 20180623205217.0
008 130115s2012 nyua b 000 0 spa d
020 _a9780545456883 (Board)
020 _a0545456886 (Board)
040 _aIJV
_erda
_cIJV
041 1 _aspa
092 _aE
_bChurch
100 1 _aChurch, Caroline.
240 1 0 _aGood Night, I Love You.
_lSpanish.
245 1 0 _aTe quiero mucho, hasta manana /
_cCaroline Jayne Church.
260 _aNew York :
_bScholastic ;
_cc2012.
300 _a1 volume (unpaged) :
_bcolor illustrations ;
_c21 cm.
336 _atext
_btxt
_2rdacontent.
337 _aunmediated
_bn
_2rdamedia.
338 _avolume
_bnc
_2rdacarrier.
490 1 _aScholastic en espanol.
650 0 _aSpanish language materials
_vJuvenile fiction.
700 1 _aLombana, Juan Pablo.
830 0 _aScholastic en espanol.
942 _cBK
_2ddc
999 _c20976
_d20976